• 首页
  • 本馆介绍
  • 公告通知
  • 最新文献
  • 馆藏检索
  • 电子资源
  • 读者导购
  • 参考咨询
  • 我的图书馆
  • 登录
  • 详细信息显示
  • 放入我的书架
  • 预约/预借图书
  • 作者相关作品
  • 分类相关作品
  • 丛书相关作品
  • 出版社相关作品

书目信息

  • 表格格式
  • 工作单格式
  • 卡片格式
题名:
钢的显徽微组织和性能
    
 
作者: 霍尼库姆 著 ;傅俊岩 译
分册:  
出版信息: 北京   冶金工业出版社  1985.7
页数: 265页
开本: 20cm
丛书名:
单 册:
中图分类: TG142.1
科图分类:
主题词: 金属材料
电子资源:
ISBN:
000 00593nam0 2200205 45
001 0312221749
005 20031222170910.9
010    @dCNY2.40
100    @a20031222d1985 km y0chiy0120 ea
101    @achi
105    @a z 000yy
200 1  @a钢的显徽微组织和性能@AGang De Xian Hui Wei Zu Zhi He Xing Neng@f霍尼库姆著@FHuo Ni Ku Mu Zhu@g傅俊岩等译
210    @a北京@c冶金工业出版社@d1985.7
215    @a265页@d20cm
606 0  @a金属材料
690    @aTG142.1@v3
701 0  @a霍尼库姆@4著
702 0  @a傅俊岩@4译
801    @aCN@bTSTCL@c20031222
905    @a213230@dTG142.1@e8@b151064-066@f3
    
    钢的显徽微组织和性能/霍尼库姆著/傅俊岩等译.-北京:冶金工业出版社,1985.7
    265页;20cm
    
    
    ISBN :CNY2.40
    
●
相关链接 在E读中查询图书 在五车中查询图书 在当当中查询图书 在豆瓣中查询图书


正题名:钢的显徽微组织和性能     索取号:TG142.1/8         预约/预借

序号 登录号 条形码 馆藏地/架位号 状态 备注
1 0151064   001362607   第三借阅区/ [索取号:TG142.1/8] 在馆    
2 0151065   001362643   第三借阅区/ [索取号:TG142.1/8] 在馆    
3 0151066   001362563   第二样本阅览室/ [索取号:TG142.1/8] 在馆    
唐山师范学院图书馆 欢迎您!
大连网信软件有限公司© 版权所有